000 00262nam a2200097Ia 4500
001 701643
005 20250826162317.0
008 250824s9999 xx 000 0 und d
245 0 _aKADROCULAR VE KADRO HAREKATI
_cTEMUÇİN FAİK ERTAN
260 _bKÜLTÜR BAKANLIĞI
999 _c701643
_d701643